000 00715cam a2200229 a 4500
003 UPN
005 20240511063834.0
008 191126s2019 mx a br 000 0 spa d
020 _a9786075511337
035 _aUPN01000234312
040 _aMX-MxUPN
_bspa
_cMX-MxUPN
050 4 _aLB1577
_bM66 2019 LL
245 0 0 _aEspañol :
_blibro de lectura : sexto grado.
250 _aTercera edición
260 _aMéxico :
_bSEP, Dirección General de Materiales Educativos
_c2019.
300 _a156 páginas :
_eilustraciones a color
650 4 _aEspañol
_xEstudio y enseñanza (Elemental)
_92806
650 4 _917036
_aEspañol
_vLibros de texto
905 _aLibro
942 _2lcc
_cLIBRO
999 _c206407
_d206407